Rozbor účtovných výkazov

Saved in:
Bibliographic Details
Main Author: Zajko, Otokar
Corporate Author: Vysoká škola ekonomická v Bratislave. Fakulta riadenia
Other Authors: Šlosárová, Anna
Format: Book
Language:Slovak
Published: Bratislava Vysoká škola ekonomická 1989
Edition:1. vyd.
Tags: Add Tag
No Tags, Be the first to tag this record!

MARC

LEADER 00000nam a2200000 4500
001 c031012
005 20221215071423.1
041 0 |a slo 
044 |a SK 
245 1 0 |a Rozbor účtovných výkazov  |c Otokar Zajko, Anna Šlosárová 
250 |a 1. vyd. 
264 1 |a Bratislava  |b Vysoká škola ekonomická  |c 1989 
300 |a 194 s. 
100 1 |a Zajko, Otokar 
700 1 |a Šlosárová, Anna 
710 2 |a Vysoká škola ekonomická v Bratislave. Fakulta riadenia